000
00269pam a2200145 a 4500
020
_c
041
_h
100
_a
Dr. Kishore Pawar
245
_a
Non-Chordate Zoology
250
_a
IIIrd
260
_c
1998
300
_a
151
653
_a
Zoology
930
_a
183
999
_c
246036
_d
246036